The harder they fall (Record no. 81744)
[ view plain ]
| 000 -LEADER | |
|---|---|
| fixed length control field | 01031cab a22001935a 4500 |
| 001 - CONTROL NUMBER | |
| control field | L148191 |
| 008 - FIXED-LENGTH DATA ELEMENTS--GENERAL INFORMATION | |
| fixed length control field | 090818e20090814xxkd f 000 0 eng d |
| 035 ## - SYSTEM CONTROL NUMBER | |
| System control number | (Sirsi) u148191 |
| 041 0# - LANGUAGE CODE | |
| Language code of text/sound track or separate title | eng |
| 100 1# - MAIN ENTRY--PERSONAL NAME | |
| Personal name | Neale, Jon |
| 245 04 - TITLE STATEMENT | |
| Title | The harder they fall |
| 260 ## - PUBLICATION, DISTRIBUTION, ETC. | |
| Date of publication, distribution, etc. | 2009 |
| 490 #0 - SERIES STATEMENT | |
| Series statement | Property Week |
| Volume/sequential designation | 75 (32) 14 August 2009, 32 (1) |
| 520 ## - SUMMARY, ETC. | |
| Summary, etc. | Highlights a strong fall in land values (by 55%) and house prices (by 16%) in the West Midlands but reports that prices have stabilised over the last few months. Stoke-on-Trent reports the least changes in land values. At the other end of the scale, Coventry shows the most changes due to a boom in city centre residential schemes before the recession. Housebuilders and other developers are returning to the region as active buyers. Private investors and housing associations have the strongest presence on the market. |
| 590 ## - LOCAL NOTE (RLIN) | |
| Local note | KA |
| 651 #4 - SUBJECT ADDED ENTRY--GEOGRAPHIC NAME | |
| Geographic name | West Midlands (England) (Region) |
| Chronological subdivision | 1994- |
| 690 ## - LOCAL SUBJECT ADDED ENTRY--TOPICAL TERM (OCLC, RLIN) | |
| Topical term or geographic name as entry element | PROPERTY-RESIDENTIAL PROPERTY-RESIDENTIAL PROPERTY MARKET |
| 942 ## - ADDED ENTRY ELEMENTS (KOHA) | |
| Suppress in OPAC | 0 |
| Withdrawn status | Lost status | Source of classification or shelving scheme | Damaged status | Not for loan | Home library | Current library | Shelving location | Date acquired | Total Checkouts | Full call number | Barcode | Date last seen | Copy number | Price effective from | Koha item type |
|---|---|---|---|---|---|---|---|---|---|---|---|---|---|---|---|
| Dewey Decimal Classification | London | London | Journal article | 18/08/2009 | L148191 | 148191-1001 | 06/08/2019 | 1 | 06/08/2019 | Journal article |